| 000 | 00523cam a2200217 4500 | ||
|---|---|---|---|
| 008 | 090401t1981 xxu||||| |||| 00| 0 eng d | ||
| 020 | _a0851204910 | ||
| 035 | _a(Sirsi) u15781 | ||
| 041 | _aeng | ||
| 050 | _a346.4104344 | ||
| 100 | _aClarke, D.N. | ||
| 245 | _aRent reviews and variable rents | ||
| 260 |
_alondon _bOyez Publishing Limited _c1981 |
||
| 300 | _axxxiii,292p. ; 23cm. | ||
| 350 | _a15 | ||
| 650 | _aPRECEDENTS | ||
| 650 | _aRENT | ||
| 700 | _aAdams, J. E. | ||
| 942 | _n0 | ||
| 948 | _c04/03/1997 | ||
| 999 |
_c87308 _d87308 |
||